South Slav nationalisms-textbooks and Yugoslav Union before 1914
Αποθηκεύτηκε σε:
| Κύριος συγγραφέας: | |
|---|---|
| Μορφή: | Βιβλίο |
| Γλώσσα: | English |
| Δημοσίευση: |
Columbus :
Ohio State University Press,
1990
|
| Θέματα: | |
| Ετικέτες: |
Προσθήκη ετικέτας
Δεν υπάρχουν, Καταχωρήστε ετικέτα πρώτοι!
|
MARC
| LEADER | 00000nam a2200000 i 4500 | ||
|---|---|---|---|
| 001 | 1/14398 | ||
| 008 | 980511s1990 eng d | ||
| 020 | |a 0-8142-0500-3 | ||
| 035 | |1 ΠΑΡ |a 1997 |l 10019405 | ||
| 040 | |a GR-MY-UA |b gre |e aacr | ||
| 041 | 0 | |a eng | |
| 082 | 0 | |a 320.5409497 | |
| 100 | 1 | |a Jelavich, Charles. | |
| 245 | 1 | 0 | |a South Slav nationalisms-textbooks and Yugoslav Union before 1914 / |c Charles Jelavich |
| 260 | |a Columbus : |b Ohio State University Press, |c 1990 | ||
| 300 | |a 359 p. | ||
| 504 | |a Includes bibliographical references and index | ||
| 650 | 0 | 0 | |a Nationalism |z Yugoslavia |x History |y 19th century. |
| 650 | 0 | 0 | |a Nationalism |z Yugoslavia |x History |y 20th century. |
| 650 | 0 | 0 | |a Textbooks |z Yugolsavia |x History. |
| 650 | 0 | 0 | |a Education |z Yugoslavia |x History. |
| 651 | 0 | |a Yugoslavia |x Politics and government. | |
| 852 | |a INST |b LESVOS |e 19980511 |h 320.5409497 JEL |p 005100014881 |q 005100014881 |t BK |y 0 | ||
| 909 | |a Λ |b 056023 | ||